Los Reyes en Cataluña : primer viaje oficial / José Ametller primer viaje oficial / José Ametller
Publicado:
San Jorge, núm. 96 - 97 (juliol 1976), pàg 15 - 20 :
MARC
| LEADER | 00000nam a2200000Ia 4500 | ||
|---|---|---|---|
| 008 | 160829s9999 xx 000 0 cat d | ||
| 100 | |a Ametller, Josep |9 40858 | ||
| 245 | |a Los Reyes en Cataluña : |b primer viaje oficial / José Ametller | ||
| 260 | |a San Jorge, núm. 96 - 97 (juliol 1976), pàg 15 - 20 | ||
| 590 | |a Conté 9 fotografies | ||
| 600 | 0 | 0 | |a Joan Carles |b I, |c rei d'Espanya, |d 1938- |9 54272 |
| 600 | 0 | 0 | |a Sofia, |c reina, consort de Joan Carles I, rei d'Espanya, |d 1938- |9 54273 |
| 610 | 2 | 0 | |a Montserrat (Monestir) |9 54252 |
| 650 | 0 | |a Visites oficials |9 54041 |z Catalunya | |
| 651 | 0 | |a Espanya |x Reis i sobirans |9 54042 | |
| 901 | |a Arxiu | ||
| 942 | |n 1 |2 udc | ||
| 952 | |0 0 |1 0 |4 0 |7 1 |9 50483 |a Arxiu |b Arxiu |d 2016-12-01 |l 0 |r 2016-12-01 00:00:00 |w 2016-12-01 |y ARXIU | ||
| 999 | |c 54325 |d 54325 | ||